20 Jahre UEFA Team of the Year - Statistiken

Allgemein
  • Dieses Quiz wurde 116 mal gespielt
  • Das Durchschnittsergebnis liegt bei 160 aus 230
Antwortstatistiken
Jahr Position Nationalität Verein Spielername % Korrekt
2002 Sturm Brasilien Inter / Real Ronaldo
99%
2004 Mittelfeld Portugal ManU Ronaldo
99%
2007 Mittelfeld Portugal ManU Ronaldo
99%
2008 Mittelfeld Portugal ManU Ronaldo
99%
2009 Mittelfeld Portugal ManU / Real Ronaldo
99%
2010 Mittelfeld Portugal Real Ronaldo
99%
2011 Sturm Portugal Real Ronaldo
99%
2012 Sturm Portugal Real Ronaldo
99%
2013 Sturm Portugal Real Ronaldo
99%
2014 Sturm Portugal Real Ronaldo
99%
2015 Sturm Portugal Real Ronaldo
99%
2016 Sturm Portugal Real Ronaldo
99%
2018 Sturm Portugal Real / Juve Ronaldo
99%
2019 Sturm Portugal Juve Ronaldo
99%
2020 Sturm Portugal Juve Ronaldo
99%
2008 Sturm Argentinien Barca Messi
98%
2009 Sturm Argentinien Barca Messi
98%
2010 Sturm Argentinien Barca Messi
98%
2011 Sturm Argentinien Barca Messi
98%
2012 Sturm Argentinien Barca Messi
98%
2014 Sturm Argentinien Barca Messi
98%
2015 Sturm Argentinien Barca Messi
98%
2016 Sturm Argentinien Barca Messi
98%
2017 Sturm Argentinien Barca Messi
98%
2018 Sturm Argentinien Barca Messi
98%
2019 Sturm Argentinien Barca Messi
98%
2020 Sturm Argentinien Barca Messi
98%
2013 Tor Deutschland Bayern Neuer
97%
2014 Tor Deutschland Bayern Neuer
97%
2015 Tor Deutschland Bayern Neuer
97%
2020 Tor Deutschland Bayern Neuer
97%
2019 Sturm Polen Bayern Lewandowski
95%
2020 Sturm Polen Bayern Lewandowski
95%
2014 Mittelfeld Deutschland Bayern / Real Kroos
92%
2016 Mittelfeld Deutschland Real Kroos
92%
2017 Mittelfeld Deutschland Real Kroos
92%
2003 Tor Italien Juve Buffon
91%
2004 Tor Italien Juve Buffon
91%
2006 Tor Italien Juve Buffon
91%
2016 Tor Italien Juve Buffon
91%
2017 Tor Italien Juve Buffon
91%
2016 Mittelfeld Kroatien Real Modric
91%
2017 Mittelfeld Kroatien Real Modric
91%
2018 Mittelfeld Kroatien Real Modric
91%
2015 Sturm Brasilien Barca Neymar
91%
2020 Sturm Brasilien PSG Neymar
91%
2008 Abwehr Spanien Real Ramos
91%
2012 Abwehr Spanien Real Ramos
91%
2013 Abwehr Spanien Real Ramos
91%
2015 Abwehr Spanien Real Ramos
91%
2016 Abwehr Spanien Real Ramos
91%
2017 Abwehr Spanien Real Ramos
91%
2018 Abwehr Spanien Real Ramos
91%
2020 Abwehr Spanien Real Ramos
91%
2006 Abwehr Deutschland Bayern Lahm
89%
2008 Abwehr Deutschland Bayern Lahm
89%
2012 Abwehr Deutschland Bayern Lahm
89%
2013 Abwehr Deutschland Bayern Lahm
89%
2014 Abwehr Deutschland Bayern Lahm
89%
2009 Mittelfeld Spanien Barca Iniesta
88%
2010 Mittelfeld Spanien Barca Iniesta
88%
2011 Mittelfeld Spanien Barca Iniesta
88%
2012 Mittelfeld Spanien Barca Iniesta
88%
2015 Mittelfeld Spanien Barca Iniesta
88%
2016 Mittelfeld Spanien Barca Iniesta
88%
2008 Mittelfeld Spanien Barca Xavi
88%
2009 Mittelfeld Spanien Barca Xavi
88%
2010 Mittelfeld Spanien Barca Xavi
88%
2011 Mittelfeld Spanien Barca Xavi
88%
2012 Mittelfeld Spanien Barca Xavi
88%
2020 Mittelfeld Spanien Bayern / Liverpool Thiago
87%
2018 Abwehr Niederlande Liverpool Van Dijk
87%
2019 Abwehr Niederlande Liverpool Van Dijk
87%
2020 Abwehr Niederlande Liverpool Van Dijk
87%
2007 Tor Spanien Real Casillas
86%
2008 Tor Spanien Real Casillas
86%
2009 Tor Spanien Real Casillas
86%
2010 Tor Spanien Real Casillas
86%
2011 Tor Spanien Real Casillas
86%
2012 Tor Spanien Real Casillas
86%
2020 Abwehr Kanada Bayern Davies
86%
2007 Sturm Schweden Inter Ibrahimovic
86%
2009 Sturm Schweden Inter / Barca Ibrahimovic
86%
2013 Sturm Schweden PSG Ibrahimovic
86%
2014 Sturm Schweden PSG Ibrahimovic
86%
2013 Abwehr Österreich Bayern Alaba
85%
2014 Abwehr Österreich Bayern Alaba
85%
2017 Mittelfeld Belgien City De Bruyne
85%
2019 Mittelfeld Belgien City De Bruyne
85%
2020 Mittelfeld Belgien City De Bruyne
85%
2019 Sturm Senegal Liverpool Mane
85%
2018 Sturm Frankreich PSG Mbappe
83%
2016 Abwehr Deutschland Bayern Boateng
82%
2011 Mittelfeld Niederlande Bayern Robben
80%
2014 Mittelfeld Niederlande Bayern Robben
80%
2018 Tor Deutschland Barca Ter Stegen
80%
2019 Tor Brasilien Liverpool Alisson
79%
2019 Abwehr Niederlande Ajax / Juve De Ligt
79%
2010 Abwehr Spanien Barca Pique
79%
2011 Abwehr Spanien Barca Pique
79%
2012 Abwehr Spanien Barca Pique
79%
2015 Abwehr Spanien Barca Pique
79%
2016 Abwehr Spanien Barca Pique
79%
2008 Mittelfeld Frankreich Bayern Ribery
79%
2013 Mittelfeld Frankreich Bayern Ribery
79%
2019 Mittelfeld Niederlande Ajax / Barca De Jong
78%
2011 Abwehr Brasilien Real Marcelo
77%
2017 Abwehr Brasilien Real Marcelo
77%
2018 Abwehr Brasilien Real Marcelo
77%
2011 Mittelfeld Wales Spurs Bale
76%
2013 Mittelfeld Wales Spurs / Real Bale
76%
2017 Mittelfeld Belgien Chelsea Hazard
76%
2018 Mittelfeld Belgien Chelsea Hazard
76%
2016 Sturm Frankreich Atletico Griezmann
74%
2018 Mittelfeld Frankreich Chelsea Kante
74%
2012 Mittelfeld Deutschland Real Özil
74%
2013 Mittelfeld Deutschland Real / Arsenal Özil
74%
2020n Abwehr Deutschland Bayern Kimmich
73%
2002 Abwehr Spanien Barca Puyol
73%
2005 Abwehr Spanien Barca Puyol
73%
2006 Abwehr Spanien Barca Puyol
73%
2008 Abwehr Spanien Barca Puyol
73%
2009 Abwehr Spanien Barca Puyol
73%
2010 Abwehr Spanien Barca Puyol
73%
2003 Trainer Portugal Porto Mourinho
72%
2004 Trainer Portugal Porto Mourinho
72%
2005 Trainer Portugal Chelsea Mourinho
72%
2010 Trainer Portugal Inter / Real Mourinho
72%
2013 Mittelfeld Deutschland BVB Reus
72%
2019 Abwehr Schottland Liverpool Robertson
72%
2007 Abwehr Brasilien Sevilla Alves
71%
2009 Abwehr Brasilien Barca Alves
71%
2011 Abwehr Brasilien Barca Alves
71%
2015 Abwehr Brasilien Barca Alves
71%
2017 Abwehr Brasilien Juve / PSG Alves
71%
2017 Abwehr Italien Juve Chiellini
71%
2001 Sturm Frankreich Arsenal Henry
70%
2002 Sturm Frankreich Arsenal Henry
70%
2003 Sturm Frankreich Arsenal Henry
70%
2004 Sturm Frankreich Arsenal Henry
70%
2006 Sturm Frankreich Arsenal Henry
70%
2008 Sturm Spanien Liverpool Torres
70%
2001 Mittelfeld Frankreich Juve / Real Zidane
70%
2002 Mittelfeld Frankreich Real Zidane
70%
2003 Mittelfeld Frankreich Real Zidane
70%
2016 Abwehr Italien Juve Bonucci
68%
2006 Mittelfeld Brasilien Milan Kaka
68%
2007 Mittelfeld Brasilien Milan Kaka
68%
2009 Mittelfeld Brasilien Milan / Real Kaka
68%
2015 Mittelfeld Frankreich Juve Pogba
67%
2018 Abwehr Frankreich Real Varane
67%
2009 Trainer Spanien Barca Guardiola
66%
2015 Mittelfeld Kolbumbien Real James
65%
2003 Abwehr Italien Milan Maldini
65%
2005 Abwehr Italien Milan Maldini
65%
2004 Mittelfeld Brasilien Basca Ronaldinho
64%
2005 Mittelfeld Brasilien Barca Ronaldinho
64%
2006 Mittelfeld Brasilien Barca Ronaldinho
64%
2014 Mittelfeld Argentinien Real / ManU Di Maria
63%
2007 Sturm Elfenbeinküste Chelsea Drogba
63%
2010 Sturm Spanien Valencia / Barca Villa
63%
2011 Abwehr Brasilien Milan Silva
62%
2012 Abwehr Brasilien Milan / PSG Silva
62%
2013 Abwehr Brasilien PSG Silva
62%
2010 Mittelfeld Niederlande Inter Sneijder
61%
2012 Mittelfeld Italien Juve Pirlo
59%
2006 Abwehr Italien Juve / Real Cannavaro
57%
2005 Sturm Kamerun Barca Eto'o
57%
2006 Sturm Kamerun Barca Eto'o
57%
2005 Mittelfeld England Liverpool Gerrard
55%
2006 Mittelfeld England Liverpool Gerrard
55%
2007 Mittelfeld England Liverpool Gerrard
55%
2005 Abwehr England Chelsea Terry
55%
2007 Abwehr England Chelsea Terry
55%
2008 Abwehr England Chelsea Terry
55%
2009 Abwehr England Chelsea Terry
55%
2003 Mittelfeld Tschechien Juve Nedved
54%
2004 Mittelfeld Tschechien Juve Nedved
54%
2005 Mittelfeld Tschechien Juve Nedved
54%
2007 Trainer Schottland ManU Ferguson
53%
2008 Trainer Schottland ManU Ferguson
53%
2014 Abwehr Uruguay Atletico Godin
52%
2005 Tor Tschechien Chelsea Cech
50%
2019 Abwehr England Liverpool Arnold
48%
2006 Mittelfeld Spanien Arsenal Fabregas
48%
2008 Mittelfeld Spanien Arsenal Fabregas
48%
2003 Mittelfeld Portugal Real Figo
47%
2002 Abwehr Italien Lazio / Milan Nesta
46%
2003 Abwehr Italien Milan Nesta
46%
2004 Abwehr Italien Milan Nesta
46%
2007 Abwehr Italien Milan Nesta
46%
2002 Abwehr Brasilien Real Carlos
45%
2003 Abwehr Brasilien Real Carlos
45%
2002 Mittelfeld Niederlande Inter / Milan Seedorf
43%
2007 Mittelfeld Niederlande Milan Seedorf
43%
2003 Sturm Niederlande ManU van Nistelrooy
43%
2001 Mittelfeld England ManU Beckham
42%
2003 Mittelfeld England ManU Beckham
42%
2004 Abwehr Brasilien Milan Cafu
42%
2005 Abwehr Brasilien Milan Cafu
42%
2001 Abwehr Frankreich Bayern Lizarazu
41%
2002 Mittelfeld Deutschland Bayer / Bayern Ballack
40%
2004 Abwehr England Arsenal Cole
36%
2010 Abwehr England Chelsea Cole
36%
2010 Abwehr Brasilien Inter Maicon
35%
2001 Sturm Frankreich Juve Trezeguet
34%
2001 Abwehr Schweden Bayern / Barca Andersson
29%
2004 Abwehr Portugal Porto / Chelsea Carvalho
29%
2001 Abwehr Finnland Liverpool Hyypiä
28%
2006 Trainer Niederlande Barca Rijkaard
28%
2006 Abwehr Italien Juve / Barca Zambrotta
28%
2009 Abwehr Frankreich ManU Evra
25%
2007 Abwehr Frankreich Lyon / Barca Abidal
22%
2001 Mittelfeld Frankreich Arsenal Vieira
22%
2001 Tor Spanien Valencia Canizares
21%
2004 Sturm Ukraine Milan Schewtschenko
18%
2005 Sturm Ukraine Milan Schewtschenko
18%
2002 Abwehr Rumänien Ajax Chivu
15%
2002 Tor Türkei Fenerbahce Recber
12%
2005 Mittelfeld Spanien Liverpool Garcia
9%
2004 Mittelfeld Portugal Porto Maniche
9%
2002 Mittelfeld Irland Blackburn Duff
8%
2003 Abwehr Portugal Porto Ferreira
5%
2001 Mittelfeld Argentinien Valencia Gonzalez
4%
2001 Trainer Frankreich Liverpool Houllier
3%
2001 Abwehr Rumänien Alaves / Milan Contra
2%
2015 Abwehr Österreich Bayern Real
1%
2017 Sturm Portugal Real Real
1%
2002 Trainer Türkei Nationalmannschaft Günes
0%
2014 Abwehr Spanien Real Ramon
0%
Keine übereinstimmenden Quizze gefunden
Verteilung der Resultate
Anzahl Personen mit jedem Resultat
Perzentil nach korrekt beantworteten Fragen
Ihre Resultats-Entwicklung
Sie haben dieses Quiz noch nicht gespielt